| 000 | 00642cam a22002052a 4500 | ||
|---|---|---|---|
| 001 | 007165 | ||
| 003 | AR-FADEU | ||
| 008 | 311216n1984####xxu####################dd | ||
| 020 | _a84-499-7354-6 | ||
| 092 |
_a320.982 _bB942 |
||
| 100 | _aBunge, Alejandro E. | ||
| 245 | _aUna nueva Argentina | ||
| 260 | _aMadrid | ||
| 260 | _bHyspamerica | ||
| 260 | _c1984 | ||
| 300 | _a519 p. : cuad., graf | ||
| 440 |
_aBiblioteca de nuetro siglo _n1 |
||
| 650 | _aESTRUCTURA SOCIOECONOMICA; ARGENTINA-1940; MORTALIDAD INFANTIL; DENSIDAD POBLACIONAL; POLITICA ECONOMICA ARGENTINA; POLITICA SOCIAL ARGENTINA; PRODUCCION NACIONAL | ||
| 942 | _cBDGR | ||
| 999 |
_c12979 _d12979 |
||